000 00315nam a22001337a 4500
008 171003b xxu||||| |||| 00| 0 eng d
020 _a9781572594296
041 _aeng
080 _a159.9
100 _a48
101 _aPSI
245 _aTHE DEVELOPING PERSON THROUGH THE LIFE SPAN
_cPIERRE, CH
942 _2udc
_cBK
999 _c31335
_d31335